Responses for show #8056 - Monday, September 23, 2019

Jason Zuffranieri game 17.

Contestants

[<< previous game]

Trey Caliva, a director of technology from Wolfforth, Texas

Jacky McGoldrick, a university administrator from Maynard, Massachusetts

Jason Zuffranieri, a math teacher from Albuquerque, New Mexico (whose 16-day cash winnings total $437,096)

[next game >>]

Jeopardy! Round responses

THEIR NAME IS LEGION
HEALTH & MEDICINE
WORD + WORD = NEW WORD
FROM THE NO. 1 ALBUM
COUP COUP
CLOCKS
    $200 4
aspirin

Jacky
    $200 26
joystick

Jason
    $200 27
(Trey: What is... Nirvana?)
...
(Alex: By Nirvana, yes.)
[The end-of-the-round signal sounds.]

Nevermind

JasonTrey
    $400 25
Legion of Boom

Jason
    $400 5
fluoride

Trey
    $400 24
ringside

Jacky
    $400 8
(Alex: Alanis Morissette, yes.)

Jagged Little Pill

Jason
    $400 6
(Trey: Who is Yeltsin?)

Gorbachev

JasonTrey
    $400 16
shot clock

Jason
    $600 15
French (Foreign) Legion

Trey
    $600 12
kidneys

Jason
    $600 17
billboard

Jason
    $600 7
(Alex: Fleetwood Mac.)

Rumours

Jason
    $600 21
(Alex: Right. Less than a minute now.)

Chávez

Trey
    $600 23
(Jason: What is Red Square?)

Kremlin

JasonJacky
    $800 14
(Jason: What is Barcelona?)
(Trey: What is Bilbao?)

Guernica

JasonTrey
Triple Stumper
    $800 11
bile

Jacky
    $800 10
checkmate

Jason
    $800 2
(Jacky: What is Adele? 21?)
(Trey: What is 19?)

25

JasonJackyTrey
    $800 20
Indonesia

Jason
    $800 22
Big Ben

Jason
    $1000 13
Wisconsin

Jason
    $1000 3
jaw

Trey
    $1000 9
(Trey: What is sweet spot?)

wheelhouse

JasonTrey
    $1000 1
Sgt. Pepper's Lonely Hearts Club Band

Triple Stumper
    $1000 19
Pinochet

Jason
    $2,800 18
sundials

Jason

Scores at the first commercial break (after clue 15):

Jason Jacky Trey
$4,800 $200 -$1,000

Scores at the end of the Jeopardy! Round:

Jason Jacky Trey
$11,400 $1,200 -$600

Double Jeopardy! Round responses

FRUITFUL BOOK TITLES
RECENT EVENTS QUIZ
GEOGRAPHIC TRIOS
CELEBRITY FAMILY TREE
BOATS & SHIPS
GOD SAVE THE "U", "K"
(Alex: Those two letters will come up in each correct response in that order, though not necessarily next to each other.)
    $400 26
[The end-of-the-round signal sounds.]

A$AP Rocky

Jason
    $400 1
icebreaker

Jason
    $800 19
Gives You Lemons

Jacky
    $800 25
Archie

Jacky
    $800 22
(Alex: You are right with less than a minute now.)

U.S. Virgin Islands

Jason
    $800 23
Declaration of Independence

Jason
    $2,000 8
(Trey: What is... the HMS Bounty?)

America

Trey
    $800 16
Duke

Jason
    $1200 18
Dr. Seuss

Jason
    $1200 17
Giverny

Triple Stumper
    $1200 9
Monaco

Jason
    $1200 14
Hilary Duff

Triple Stumper
    $1200 20
Lusitania

Trey
    $1200 15
musket

Jacky
    $1600 4
James and the Giant Peach

Jason
    $1600 11
Mohammad bin Salman

Triple Stumper
    $5,000 5
(2 of) Trenton & Tallahassee (or Topeka)

Jason
    $1600 13
Lucrezia Borgia

Jason
    $1600 21
canoe

Jacky
    $1600 7
busker

Trey
    $2000 3
Oranges

Triple Stumper
    $2000 10
Don McGahn

Triple Stumper
    $2000 2
(Alex: Home of the Taj Mahal, yeah.)

Agra

Jason
    $2000 12
Lee Marvin

Jason
    $2000 24
Bonhomme Richard

Jason
    $2000 6
peruke

Triple Stumper

Scores at the end of the Double Jeopardy! Round:

Jason Jacky Trey
$31,200 $5,600 $200
(lock game)

[wagering suggestions for these scores]

Final Jeopardy! Round responses

MUSICAL THEATRE INSPIRATIONS
TreyWhat is a Red Raider?
$125
JackyWhat is Phantom of the Opera
$4,600
JasonWhat is Fiddler on the Roof?
$3,800
Fiddler on the Roof

Final scores:

Jason Jacky Trey
$35,000 $1,000 $75
17-day champion: $472,096 2nd place: $2,000 3rd place: $1,000

Game dynamics:

Coryat scores:

Jason Jacky Trey
$26,000 $5,600 $2,200
30 R
(including 2 DDs),
2 W
8 R,
1 W
6 R,
6 W
(including 1 DD)

Combined Coryat: $33,800

The J! Archive is created by fans, for fans. The Jeopardy! game show and all elements thereof, including but not limited to copyright and trademark thereto, are the property of Jeopardy Productions, Inc. and are protected under law. This website is not affiliated with, sponsored by, or operated by Jeopardy Productions, Inc. Join the discussion at JBoard.tv.